Представление документа в формате RUSMARC

ПолеНазваниеЗначение
  Тип записи a
  Библиографический уровень m
001 Контрольный номер a8fe8bb9ac8b4edba565c055f1a865a3
005 Дата корректировки 20150812121546.5
010 Индекс ISBN __
a ISBN 978-5-9916-2043-7
d Цена 460р 00к.
101 Язык документа 0_
a Язык текста rus
102 Страна публикации __
a Страна публикации RU
200 Заглавие и сведения об ответственности 1_
a Заглавие Высшая математика для гуманитарных направлений
b Общее обозначение материала Текст
e Сведения, относящиеся к заглавию учеб. пособие для бакалавров/ Ю.В.Павлюченко, Н.Ш.Хассан, В.И.Михеев
f Первые сведения об ответственности под общ. ред. Ю.В. Павлюченко
205 Сведения об издании __
a Основные сведения об издании 4-е изд.
b Дополнительные сведения об издании перераб. и доп.
210 Выходные данные 1_
c Издательство Издательство Юрайт
d Дата издания 2013
215 Физическое описание __
a Объем 238 с.
225 Серия 2_
a Серия Бакалавр. Базовый курс
610 Ключевые слова 0_
a Ключевые слова Системы линейных уравнений
a Ключевые слова аналитическая геометрия
a Ключевые слова числовые последовательности
a Ключевые слова функции
a Ключевые слова интегрирование функций
a Ключевые слова элементы теории вероятностей
686 Индексы других классификаций __
a Классификационный индекс 22.1я73
700 Автор _1
a Фамилия Павлюченко Ю.В.
801 Источник записи _0
a Страна RU
b Организация РУК
g Правила каталогизации PSBO
801 Источник записи _1
a Страна RU
b Организация РУК
g Правила каталогизации PSBO
852 Данные о местонахождении __
i Авторский знак П 125
901 Тип документа __
t Тип документа m
937 Технологическая информация __
a Создатель записи (имя) Иванова
952 Тип литературы __
b Гриф литературы для ВШ гриф МО
c Вид литературы учебное пособие